| 000 | 00400nam a2200133Ia 4500 | ||
|---|---|---|---|
| 008 | 210430s9999 xx 000 0 und d | ||
| 082 | _a620.14 C257C | ||
| 100 | _aC.Berry Carter & M.Grant Norton | ||
| 245 |
_aCeramic Materials science and engineering 2ndEd. _cC.Berry Carter & M.Grant Norton |
||
| 250 | _aSecond Ed. | ||
| 260 |
_aNew York _bSpringer _c2013 |
||
| 300 | _a766p. | ||
| 942 |
_cREF _2ddc |
||
| 999 |
_c565851 _d565851 |
||